000 00469nam a22001937a 4500
003 MPLRDC
005 20220104113658.0
008 210129b ||||| |||| 00| 0 eng d
020 _a957-583-275-2
082 _a857.621 NK-17 v.34
100 _a倪匡
245 _a无敌杀手
_c
250 _a修订版
260 _a
_b金兰文化出版社
_c1992
300 _b
490 _a木兰花传奇. 34
650 _a科幻小说
942 _cBK
_o857.621 NK-17 v.34
999 _c1502
_d1492